00385nam a2200133Ia 4500003000400000008004100004040001600045082001800061100001900079245007700098260005100175300001000226650001500236GCL140319s9999 xx 000 0 eng d aGCL / cGCL04a938.0709bB C1 aBOSWORTH, A.B.10aCONQUEST AND EMPIRE: THE REIGN OF ALEXANDER THE GREAT / cBOSWORTH, A.B. a[S.N] : bCAMBRIBGE UNIVERSITY PRESS ، c1988 a330 P04aALEXANDRIA